Badges of the Operations of Counter Strike - Statistics

General Stats
  • This quiz has been taken 36 times
  • The average score is 8 of 11
Answer Stats
Picture Answer % Correct
Hydra
84%
Phoenix
84%
Breakout
81%
Riptide
78%
Vanguard
78%
Bloodhound
72%
Shattered Web
69%
Wildfire
69%
Broken Fang
66%
Bravo
63%
Payback
44%
No matching quizzes found
Score Distribution
Percent of People with Each Score
Percentile by Number Answered
Your Score History
You have not taken this quiz